Mezigenerační srovnání nákupních preferencí v kontextu spotřebitelského protekcionismu

Pojem spotrebiteľský protekcionizmus. Typológia spotrebiteľa. Generačný pohľad na spotrebiteľa. Výskum nákupných preferencií.

Guardado en:
Detalles Bibliográficos
Autor principal: Matusiková, Lucja
Formato: Capítulo de libro
Lenguaje:checo
Materias:
Etiquetas: Agregar Etiqueta
Sin Etiquetas, Sea el primero en etiquetar este registro!

MARC

LEADER 00000naa a2200000 4500
001 0211571
005 20231128132125.0
041 0 |a cze 
044 |a CZ 
245 1 0 |a Mezigenerační srovnání nákupních preferencí v kontextu spotřebitelského protekcionismu  |c Lucja Matusiková 
520 |a Pojem spotrebiteľský protekcionizmus. Typológia spotrebiteľa. Generačný pohľad na spotrebiteľa. Výskum nákupných preferencií. 
610 2 0 |a spotrebitelia 
610 2 0 |a protekcionizmus 
610 2 0 |a zvyklosti obchodné 
610 2 0 |a preferencie spotrebiteľské 
100 1 |a Matusiková, Lucja